| 000 | 00602nam a22001577a 4500 | ||
|---|---|---|---|
| 008 | 160808b xxu||||| |||| 00| 0 eng d | ||
| 020 | _a1930556462 | ||
| 050 | _aLB 1062.6.F54 2003 | ||
| 100 |
_aFielder, Donald J. _d2003 |
||
| 245 |
_aAchievement now : _bhow to assure no child is left behind / _c Donald J.Fielder |
||
| 260 |
_aNew York; _bEye on education, _c2003. |
||
| 300 |
_ax, 196 p. : _bIncludes bibliographical references. |
||
| 650 | _aAcademic achievement-United States. | ||
| 650 | _aSchool improvement programs--United States. | ||
| 942 |
_2lcc _cBOOKS _hLB 1062.6.F54 2003 |
||
| 999 |
_c12808 _d12808 |
||